[Event "St Veit op 41st"]
[Site "St Veit"]
[Date "2022.07.10"]
[Round "3"]
[White "Enne, Harald"]
[Black "Hoffmann, Sebastian1111"]
[Result "1/2-1/2"]
[WhiteElo "1919"]
[BlackElo "2148"]
[PlyCount "106"]
[EventDate "2022.07.09"]
[EventType "swiss"]
[EventRounds "9"]
[EventCountry "AUT"]
[SourceTitle "CBM 209 Extra"]
[Source "ChessBase"]
[SourceDate "2022.09.30"]
[SourceVersion "1"]
[SourceVersionDate "2022.09.30"]
[SourceQuality "1"]

1. d4 d5 2. c4 c6 3. Nc3 Nf6 4. Nf3 dxc4 5. a4 Bf5 6. e3 e6 7. Bxc4 Bb4 8. 0-0 Nbd7 9. Qb3 a5 10. Na2 Bd6 11. Re1 Ne4 12. Nc3 Qc7 13. Nxe4 Bxe4 14. Bxe6 Nf6 15. Bc4 Bxf3 16. gxf3 Bxh2+ 17. Kg2 Bd6 18. e4 Bb4 19. Rh1 Rd8 20. Be3 g5 21. Rh6 Qe7 22. Rah1 g4 23. e5 gxf3+ 24. Kxf3 Nd5 25. Rxh7 Rf8 26. Bh6 Rg8 27. Qd3 Qe6 28. Bg7 Bf8 29. R1h6 Qd7 30. e6 fxe6 31. Qg6+ Qf7+ 32. Qxf7+ Kxf7 33. Be5+ Bg7 34. Bxg7 Rxg7 35. Rxg7+ Kxg7 36. Rxe6 Rf8+ 37. Kg3 Rf5 38. Bxd5 Rxd5 39. Re4 b5 40. b3 Kf6 41. Kf3 Rh5 42. Ke2 Rh3 43. axb5 cxb5 44. f3 a4 45. bxa4 bxa4 46. d5 a3 47. d6 Rh8 48. d7 Rd8 49. Ra4 Rxd7 50. Rxa3 Rb7 51. Ra5 Re7+ 52. Kd3 Re5 53. Rxe5 Kxe5 1/2-1/2

[Event "AUT-ch Vor4 Internet"]
[Site "Playchess.com INT"]
[Date "2020.04.25"]
[Round "4"]
[White "Enne, Harald"]
[Black "Hechl, Fabian"]
[Result "1-0"]
[WhiteElo "1916"]
[BlackElo "1999"]
[PlyCount "135"]
[EventDate "2020.04.25"]
[EventType "swiss (blitz)"]
[EventRounds "9"]
[EventCountry "AUT"]
[SourceTitle "EXT 2021"]
[Source "ChessBase"]
[SourceDate "2020.10.23"]
[SourceVersion "1"]
[SourceVersionDate "2020.10.23"]
[SourceQuality "1"]

1. d4 Nf6 2. c4 g6 3. Nc3 Bg7 4. e4 0-0 5. f3 c6 6. Be3 d5 7. e5 Ne8 8. Qd2 dxc4 9. Bxc4 c5 10. f4 Nc6 11. d5 Na5 12. Be2 b6 13. Nf3 Nc7 14. 0-0 Bb7 15. Rfd1 Qe8 16. d6 exd6 17. Qxd6 Ne6 18. Qd7 Rd8 19. Qxe8 Rfxe8 20. Bb5 Rxd1+ 21. Rxd1 Rd8 22. Rxd8+ Nxd8 23. Nd2 Ne6 24. Nce4 a6 25. Bd7 Nd4 26. Nd6 Bd5 27. Bxd4 cxd4 28. b3 Bf8 29. N6e4 Be7 30. Nf6+ Bxf6 31. exf6 Nb7 32. Bc8 a5 33. Bxb7 Bxb7 34. Nc4 a4 35. Nxb6 axb3 36. axb3 Kf8 37. Nc4 Bd5 38. Nd2 Ke8 39. g4 Kd7 40. g5 Ke6 41. Kf2 Kf5 42. Kg3 Be6 43. b4 Bd5 44. b5 Ke6 45. Kg4 Kd7 46. f5 Kc7 47. fxg6 hxg6 48. h4 Kb6 49. h5 gxh5+ 50. Kxh5 Kxb5 51. Kg4 Kb4 52. Kf4 Kc3 53. Nf1 d3 54. Ke3 Be6 55. Nd2 Bf5 56. Nf3 Bg6 57. Nd2 Kc2 58. Nf3 Kc3 59. Nd2 Bf5 60. Nf3 Bg4 61. Nd4 d2 62. Nb5+ Kc2 63. Nd4+ Kc1 64. Nb3+ Kc2 65. Nxd2 Kc3 66. g6 Bh5 67. g7 Bg6 68. g8Q 1-0

[Event "AUT-ch Vor4 Internet"]
[Site "Playchess.com INT"]
[Date "2020.04.25"]
[Round "5"]
[White "Marakovits, Nico"]
[Black "Enne, Harald"]
[Result "1/2-1/2"]
[WhiteElo "2105"]
[BlackElo "1916"]
[PlyCount "159"]
[EventDate "2020.04.25"]
[EventType "swiss (blitz)"]
[EventRounds "9"]
[EventCountry "AUT"]
[SourceTitle "EXT 2021"]
[Source "ChessBase"]
[SourceDate "2020.10.23"]
[SourceVersion "1"]
[SourceVersionDate "2020.10.23"]
[SourceQuality "1"]

1. d4 d5 2. c4 e6 3. Nc3 Be7 4. Nf3 Nf6 5. Bg5 Nbd7 6. e3 0-0 7. cxd5 exd5 8. Qc2 h6 9. Bh4 c6 10. Bd3 Re8 11. 0-0 Nf8 12. Rab1 Bg4 13. Ne5 Be6 14. b4 a6 15. a4 Qd6 16. Nf3 Ng4 17. Bxe7 Rxe7 18. b5 axb5 19. axb5 Bd7 20. bxc6 bxc6 21. Na4 Rb8 22. Nc5 Rxb1 23. Rxb1 Bc8 24. Rb6 Ne6 25. Nxe6 Rxe6 26. Bf5 Re8 27. Bxg4 Bxg4 28. Ne5 Bd7 29. Nxd7 Qxd7 30. Qxc6 Qxc6 31. Rxc6 Rb8 32. g3 f6 33. Rc5 Rd8 34. Kf1 Kf7 35. Ke2 Ke6 36. Kd3 Kd6 37. Ra5 g5 38. Ra6+ Ke7 39. Ra7+ Ke6 40. Rh7 Kf5 41. Rxh6 Re8 42. h3 Ke6 43. h4 gxh4 44. gxh4 Rg8 45. Ke2 Rg2 46. Kf3 Rg1 47. h5 Kf5 48. Rh8 Rh1 49. h6 Rh3+ 50. Kg2 Rh5 51. h7 Kg6 52. Kf3 Rf5+ 53. Ke2 Kg7 54. Rd8 Kxh7 55. f3 Kg6 56. e4 dxe4 57. fxe4 Rf4 58. Ke3 Rh4 59. d5 Kf7 60. Ra8 Ke7 61. Ra7+ Kd6 62. Ra6+ Ke7 63. Kd4 f5 64. Re6+ Kf7 65. Re5 fxe4 66. Rxe4 Rxe4+ 67. Kxe4 Ke8 68. Ke5 Ke7 69. d6+ Kd7 70. Kd5 Kd8 71. Ke6 Ke8 72. Kf5 Kd7 73. Ke5 Kd8 74. Kd5 Kd7 75. Kc5 Kd8 76. Kb6 Kd7 77. Kc5 Kd8 78. Kc6 Kc8 79. d7+ Kd8 80. Kd6 1/2-1/2

[Event "AUT-ch Vor2 Internet"]
[Site "Playchess.com INT"]
[Date "2020.04.13"]
[Round "5"]
[White "Buchner, Martin"]
[Black "Enne, Harald"]
[Result "0-1"]
[WhiteElo "1777"]
[BlackElo "1916"]
[PlyCount "58"]
[EventDate "2020.04.13"]
[EventType "swiss (blitz)"]
[EventRounds "9"]
[EventCountry "AUT"]
[SourceTitle "CBM 195 Extra"]
[Source "ChessBase"]
[SourceDate "2020.05.31"]
[SourceVersion "1"]
[SourceVersionDate "2020.05.31"]
[SourceQuality "1"]

1. d4 d5 2. Nf3 e6 3. e3 Nf6 4. Bd3 Be7 5. 0-0 c5 6. c3 Nc6 7. Nbd2 h6 8. e4 dxe4 9. Nxe4 cxd4 10. cxd4 0-0 11. Bf4 Nd5 12. Bg3 a6 13. a3 b5 14. Rc1 Qb6 15. Bb1 Rd8 16. Qd3 f5 17. Nc5 Bf6 18. Be5 Nxe5 19. Nxe5 Bxe5 20. dxe5 Nf4 21. Qc2 Ra7 22. b4 Rc7 23. Qa2 Rd5 24. g3 Nh3+ 25. Kg2 Ng5 26. Rfd1 Rxe5 27. h3 Kh7 28. Re1 Rxe1 29. Rxe1 Qc6+ 0-1

[Event "AUT-ch Vor2 Internet"]
[Site "Playchess.com INT"]
[Date "2020.04.13"]
[Round "9"]
[White "Enne, Harald"]
[Black "Hofstadler, Mario"]
[Result "0-1"]
[WhiteElo "1916"]
[BlackElo "1867"]
[PlyCount "116"]
[EventDate "2020.04.13"]
[EventType "swiss (blitz)"]
[EventRounds "9"]
[EventCountry "AUT"]
[SourceTitle "CBM 195 Extra"]
[Source "ChessBase"]
[SourceDate "2020.05.31"]
[SourceVersion "1"]
[SourceVersionDate "2020.05.31"]
[SourceQuality "1"]

1. d4 Nf6 2. c4 c5 3. d5 b5 4. cxb5 a6 5. bxa6 Bxa6 6. Nc3 g6 7. g3 Bg7 8. Bg2 d6 9. Nf3 Nbd7 10. 0-0 Nb6 11. Re1 0-0 12. e4 Nfd7 13. Bf4 Nc4 14. Qc2 Rb8 15. Na4 Nxb2 16. Nxb2 Rxb2 17. Qc1 Qb6 18. a4 Rb8 19. h4 Bd3 20. e5 dxe5 21. Nxe5 Nxe5 22. Bxe5 Bxe5 23. Rxe5 c4 24. Qf4 Qf6 25. Qxf6 exf6 26. Re7 c3 27. d6 Bf5 28. d7 Rb1+ 29. Rxb1 Rxb1+ 30. Kh2 Bxd7 31. Rxd7 c2 32. Rc7 c1Q 33. Rxc1 Rxc1 34. Bf3 Ra1 35. Bc6 Kf8 36. Kg2 Ke7 37. Kf3 Kd6 38. Bb5 Ke5 39. Kg2 f5 40. Be8 f4 41. gxf4+ Kxf4 42. Bxf7 Rxa4 43. Bg8 Ra7 44. Bd5 Kg4 45. h5 Kxh5 46. Kg3 Kg5 47. f4+ Kf5 48. Bf3 Ra3 49. Kf2 Kxf4 50. Bd5 g5 51. Kg2 g4 52. Bg8 h5 53. Bf7 h4 54. Be6 Rc3 55. Bd7 Rc2+ 56. Kg1 Kg3 57. Kf1 Rc1+ 58. Ke2 h3 0-1

[Event "AUT-ch Vor1 Internet"]
[Site "Playchess.com INT"]
[Date "2020.04.11"]
[Round "7"]
[White "Enne, Harald"]
[Black "Kern, Michael"]
[Result "0-1"]
[WhiteElo "1916"]
[BlackElo "1957"]
[PlyCount "92"]
[EventDate "2020.04.11"]
[EventType "swiss (blitz)"]
[EventRounds "9"]
[EventCountry "AUT"]
[SourceTitle "CBM 195 Extra"]
[Source "ChessBase"]
[SourceDate "2020.05.31"]
[SourceVersion "1"]
[SourceVersionDate "2020.05.31"]
[SourceQuality "1"]

1. d4 f5 2. g3 Nf6 3. Bg2 e6 4. Nf3 Be7 5. 0-0 0-0 6. c4 d6 7. b3 a5 8. Nc3 Ne4 9. Qc2 Nxc3 10. Qxc3 Bf6 11. Bb2 a4 12. Rac1 Nc6 13. e3 e5 14. dxe5 dxe5 15. Rfd1 Qe7 16. e4 fxe4 17. Nd2 Bg4 18. Re1 e3 19. Qxe3 Bg5 20. Bd5+ Kh8 21. Qc3 Bf6 22. Ne4 Nd4 23. Nxf6 Qxf6 24. f4 c6 25. fxe5 Qf2+ 26. Kh1 cxd5 27. Rf1 Bf3+ 28. Qxf3 Qxf3+ 29. Rxf3 Nxf3 30. cxd5 Nxe5 31. Bxe5 Rf5 32. Re1 Kg8 33. d6 Re8 34. d7 Rd8 35. g4 Rf7 36. Bc7 Rdxd7 37. Re8+ Rf8 38. Rxf8+ Kxf8 39. Be5 Rd2 40. bxa4 Rxa2 41. h4 g6 42. a5 Rxa5 43. Bc7 Ra2 44. g5 Kf7 45. Kg1 Ke6 46. Bb6 Kd5 0-1

[Event "St Veit op-B 35th"]
[Site "St Veit"]
[Date "2016.07.15"]
[Round "8"]
[White "Pruesse, Horst"]
[Black "Enne, Harald"]
[Result "0-1"]
[WhiteElo "2115"]
[BlackElo "1984"]
[PlyCount "80"]
[EventDate "2016.07.09"]
[EventType "swiss"]
[EventRounds "9"]
[EventCountry "AUT"]
[SourceTitle "EXT 2017"]
[Source "ChessBase"]
[SourceDate "2016.10.25"]
[SourceVersion "1"]
[SourceVersionDate "2016.10.25"]
[SourceQuality "1"]

1. e4 c5 2. Nc3 d6 3. f4 g6 4. Nf3 Bg7 5. Bc4 e6 6. 0-0 Ne7 7. Qe1 Nbc6 8. d3 0-0 9. Qh4 d5 10. Bb3 Nd4 11. Ng5 h6 12. Nh3 Nec6 13. Qe1 b5 14. a3 c4 15. dxc4 dxc4 16. Qg3 cxb3 17. f5 exf5 18. cxb3 Nxb3 19. Rb1 Nxc1 20. Rbxc1 Nd4 21. Rcd1 fxe4 22. Kh1 Bxh3 23. Qxh3 Qe7 24. Nd5 Qe5 25. Ne3 f5 26. Qh4 f4 27. Ng4 Qg5 28. Qh3 e3 29. Rxd4 Bxd4 30. Nxh6+ Kg7 31. Qd7+ Kxh6 32. Rf3 Rad8 33. Rh3+ Qh5 34. Rxh5+ gxh5 35. Qe6+ Bf6 36. g4 Rde8 37. Qf5 hxg4 38. Qxf4+ Bg5 39. Qxg4 e2 40. Qh3+ Kg6 0-1

[Event "Styrian op-A"]
[Site "Bad Gleichenberg"]
[Date "2013.07.08"]
[Round "3"]
[White "Enne, Harald"]
[Black "Dimitriadis, Michael"]
[Result "1/2-1/2"]
[WhiteElo "2007"]
[BlackElo "2113"]
[PlyCount "90"]
[EventDate "2013.07.06"]
[EventType "swiss"]
[EventRounds "9"]
[EventCountry "AUT"]
[SourceTitle "CBM 155 Extra"]
[Source "ChessBase"]
[SourceDate "2013.08.26"]
[SourceVersion "1"]
[SourceVersionDate "2013.08.26"]
[SourceQuality "1"]

1. d4 Nf6 2. c4 e6 3. Nc3 c5 4. e3 cxd4 5. exd4 Bb4 6. Bd2 d5 7. cxd5 Nxd5 8. Nf3 0-0 9. Bc4 Nxc3 10. bxc3 Be7 11. 0-0 b6 12. Qe2 Bb7 13. Rfe1 Bf6 14. Rad1 Nd7 15. Bf4 Qc8 16. Bb5 Rd8 17. Rc1 a6 18. Bd3 b5 19. Ng5 Nf8 20. Ne4 Be7 21. Qh5 Rd5 22. Qe2 Qd8 23. Bc2 Ng6 24. Bd2 Rc8 25. Ng3 Ba3 26. Rcd1 Rd7 27. f3 Bb2 28. Bxg6 hxg6 29. Bg5 Qxg5 30. Qxb2 Rdc7 31. Rd3 Qd8 32. Ne4 Rd7 33. Rde3 Bxe4 34. fxe4 Qa5 35. Rd1 Rdc7 36. Rdd3 Rd7 37. Re2 Rcd8 38. a3 Qb6 39. Kf1 Qd6 40. g3 Qc6 41. Qb3 Rd6 42. Rde3 Rb8 43. h4 Qc4 44. Qb4 Qc6 45. Kf2 Rbd8 1/2-1/2

[Event "Styrian op-A"]
[Site "Bad Gleichenberg"]
[Date "2013.07.06"]
[Round "1"]
[White "Eichhorn, Andreas"]
[Black "Enne, Harald"]
[Result "1-0"]
[WhiteElo "2340"]
[BlackElo "2007"]
[PlyCount "63"]
[EventDate "2013.07.06"]
[EventType "swiss"]
[EventRounds "9"]
[EventCountry "AUT"]
[SourceTitle "CBM 155 Extra"]
[Source "ChessBase"]
[SourceDate "2013.08.26"]
[SourceVersion "1"]
[SourceVersionDate "2013.08.26"]
[SourceQuality "1"]

1. c4 c5 2. g3 g6 3. Bg2 Bg7 4. Nc3 Nc6 5. Nf3 Nf6 6. 0-0 0-0 7. d4 cxd4 8. Nxd4 Nxd4 9. Qxd4 d6 10. Qd3 Rb8 11. Be3 b6 12. Bd4 Ba6 13. e4 Rc8 14. b3 e6 15. Rfd1 Qe7 16. a4 Qc7 17. Ra2 Rfd8 18. h3 Kf8 19. a5 bxa5 20. Rda1 e5 21. Be3 Bxc4 22. bxc4 Qxc4 23. Qxc4 Rxc4 24. Nd5 Nxe4 25. Rxa5 Nc5 26. Bg5 Rd7 27. Rxa7 Rxa7 28. Rxa7 Ra4 29. Rc7 Ra1+ 30. Kh2 Kg8 31. Ne7+ Kh8 32. Rc8+ 1-0

[Event "Oberwart op"]
[Site "Oberwart"]
[Date "2010.07.12"]
[Round "3"]
[White "Enne, Harald"]
[Black "Szabo, Richard"]
[Result "0-1"]
[WhiteElo "1973"]
[BlackElo "2161"]
[PlyCount "134"]
[EventDate "2010.07.10"]
[EventType "swiss"]
[EventRounds "9"]
[EventCountry "AUT"]
[SourceTitle "CBM 137 Extra"]
[Source "ChessBase"]
[SourceDate "2010.09.01"]
[SourceVersion "1"]
[SourceVersionDate "2010.09.01"]
[SourceQuality "1"]

1. d4 Nf6 2. c4 d6 3. Nc3 Nbd7 4. e4 e5 5. d5 Nc5 6. f3 a5 7. Bg5 Be7 8. Qd2 Nxd5 9. Bxe7 Nxe7 10. 0-0-0 Be6 11. Qg5 Ng6 12. Qe3 h6 13. Nb5 0-0 14. g3 f5 15. exf5 Bxf5 16. Bh3 Rc8 17. Bxf5 Rxf5 18. Na7 Ra8 19. Nb5 Nf8 20. Ne2 Nfe6 21. h4 Qf8 22. Rhf1 Rf7 23. Kb1 Rd8 24. Ka1 c6 25. Nbc3 Re8 26. Kb1 Nd4 27. Nxd4 exd4 28. Qxd4 Rxf3 29. Rxf3 Qxf3 30. Qxd6 Ne4 31. Nxe4 Rxe4 32. a3 Rg4 33. Qe6+ Kh7 34. Rd8 Qf1+ 35. Ka2 Qxc4+ 36. Qxc4 Rxc4 37. Kb3 b5 38. Rd6 a4+ 39. Ka2 Rg4 40. Rd3 Rc4 41. Rd6 Rc1 42. h5 Rc5 43. g4 Rc4 44. Rg6 Rc5 45. Kb1 Kg8 46. Rd6 Kf7 47. b3 axb3 48. Kb2 Rg5 49. Rd4 c5 50. Rf4+ Ke6 51. Kxb3 Ke5 52. Rf7 Rxg4 53. Rb7 Rg3+ 54. Kb2 Kd4 55. Rxb5 Rg2+ 56. Kb1 c4 57. a4 Rg5 58. Rb7 Kc3 59. a5 Rxa5 60. Rxg7 Rxh5 61. Rg3+ Kb4 62. Rg2 Rh3 63. Kb2 h5 64. Rf2 h4 65. Rg2 Rg3 66. Rh2 h3 67. Kb1 Rg1+ 0-1